Tribhuvan University Central Library

किरातहरुको धर्म र संस्कृतिः संक्षिप्त अध्ययन (Record no. 113176)

MARC details
000 -LEADER
fixed length control field 00604nam a22001817a 4500
008 - FIXED-LENGTH DATA ELEMENTS--GENERAL INFORMATION
fixed length control field 240520b |||||||| |||| 00| 0 eng d
020 ## - INTERNATIONAL STANDARD BOOK NUMBER
International Standard Book Number 9993359165
082 ## - DEWEY DECIMAL CLASSIFICATION NUMBER
Classification number N305.8/R279k
100 ## - MAIN ENTRY--PERSONAL NAME
Personal name Rai, Tanka Bahadur
9 (RLIN) 25483
241 ## - ROMANIZED TITLE (BK AM CF MP MU VM)
Romanized title kiratharuko dharma ra saskriti : sankshipta adhyyan
245 ## - TITLE STATEMENT
Title किरातहरुको धर्म र संस्कृतिः संक्षिप्त अध्ययन
260 ## - PUBLICATION, DISTRIBUTION, ETC.
Place of publication, distribution, etc. Kathmandu:
Name of publisher, distributor, etc. Shanta Rai,
Date of publication, distribution, etc. 2060BS.
300 ## - PHYSICAL DESCRIPTION
Other physical details 100p.
504 ## - BIBLIOGRAPHY, ETC. NOTE
Bibliography, etc. note Bibliography:p. 96-100
650 ## - SUBJECT ADDED ENTRY--TOPICAL TERM
Topical term or geographic name entry element Ethnic groups
653 ## - INDEX TERM--UNCONTROLLED
Uncontrolled term kirats
942 ## - ADDED ENTRY ELEMENTS (KOHA)
Source of classification or shelving scheme Dewey Decimal Classification
Koha item type ISBN
Holdings
Withdrawn status Lost status Source of classification or shelving scheme Damaged status Not for loan Home library Current library Date acquired Total Checkouts Full call number Barcode Date last seen Price effective from Koha item type
    Dewey Decimal Classification     Tribhuvan University Central Library Tribhuvan University Central Library 05/20/2024   N305.8/R279k IS2219 05/20/2024 05/20/2024 ISBN